000 00569nam a2200193 i 4500
001 42364
003 ES-MaACL
007 t|
008 030313s1953 sp ||||1| spa d
100 1 _aCastresana, Luis de.
_936806
245 1 0 _aDostoievsky /
_cLuis de Castresana.
250 _a[1ª ed.].
260 _aBarcelona :
_bLuis de Caralt,
_c[1953]
300 _a229 p. ;
_c20 cm.
490 1 _aColección grandes figuras
830 0 0 _aColección grandes figuras (Luis de Caralt)
_9181934
852 _aES-MaACL
_jC-6239
_bR.35462
999 _c42364
_d42364